1675 1785 1944 1476 1660 1914 1657 1047 1396 1891 1020 1548 1407 1102 1517 1190 1258 1528 1092 1988 1319 1183 1091 1470 1989 1263 1964 1909 1906 1797 1976 1615 1962 1436 1147 1806 1325 1443 1219 1905 1273 1216 1980 1607 1137 1308 1390 1346 1066 1406 1206 1680 1201 1948 1035 1628 1020 1545 1970 1885 1555 1218 1116 1297 1346 1395 1916 1083 1197 1536 1884 1541 1007 1903 1236 1082 1981 1737 1865 1278 1738 1764 1749 1770 1879 1178 1469 1665 1804 1453 1355 1832 1837 1432 1602 1913 1385 1993 1524 BCNSPRNW ULIB Ver.6.0+V

เปลี่ยนเป็นภาษาไทย

Change to English
 แสดงรายละเอียดบรรณานุกรม
  กลับหน้าหลัก

Brief Record : Get Marc (ISO 2709) : E-mail record : QR code < ปิดหน้าต่าง
LEADER : 00000nam 2200000uu 4500
001    13399121011
003     ULIB
008    121030s2552||||th 000 0 tha d
020    ^a9786117013058
050  4 ^aHQ772^bศ164ต
100 0  ^aศรันย์ วัชรคุณ
245 10 ^aตีสนิทกับลูก = ^bPositive daddy & mommy /^cศรันย์ วัชรคุณ
246 31 ^aPositive daddy & mommy
260    ^aกรุงเทพฯ :^bDดี,^c2552
300    ^a159 หน้า
650  4 ^aบิดามารดาและบุตร
650  4 ^aการเลี้ยงเด็ก
650  4 ^aโหราศาสตร์
650  4 ^aพ่อแม่
650  4 ^aเด็กวัยรุ่น^xการดูแล
945    ^p155^l0^i17765
995    ^aทศพร
999    ^aทศพร เกษรทอง
รายการนี้ยังไม่มีแท็ก
คุณยังไม่ได้ล็อกอิน คุณสามารถมีกิจกรรมร่วมกับเว็บไซต์ได้ แต่ต้องล็อกอินก่อน ::
  ล็อกอิน

รายการสื่อสารสนเทศ

ลำดับที่ ประเภท เลขเรียก/บาร์โค้ด สถานที่ สถานะ
1. วิทยาศาสตร์การแพทย์ และสุขภาพ
วิทยาศาสตร์การแพทย์ และสุขภาพ
HQ772 ศ164ต ฉ.1 
  Barcode: 17765
ห้องสมุดวิทยาเขตสวรรค์ประชารักษ์
►หนังสือทั่วไป
บนชั้น

รายการใกล้เคียง
    ผู้แต่ง [ศรันย์ วัชรคุณ]

    หัวเรื่อง [บิดามารดาและบุตร]
    หัวเรื่อง [การเลี้ยงเด็ก]
    หัวเรื่อง [โหราศาสตร์]
    หัวเรื่อง [พ่อแม่]

BibComment


ยังไม่เคยถูกคอมเมนท์

คอมเมนท์ทรัพยากรรายการนี้
  คอมเมนท์: ตีสนิทกับลูก P..


 Copyright 2026. Bcnsprnw @Library